000 00512nam a2200181Ia 4500
999 _c28498
_d28498
003 OSt
005 20201124093652.0
008 190216s9999||||xx |||||||||||||| ||und||
020 _a8124006865
040 _coclc
082 _a894.8123
_bCHI/K
100 _aChinnangath, Rajan
_96866
245 0 _aKanappedatha Mukhangal /
_cRajan Chinnangath
260 _bCurrent Books,
_aKottayam:
_c2000.
300 _a302p
650 _aNovel
942 _cBK
_2ddc
_h894.8123
_iCHI/K
_k894.8123
_mCHI/K